Statistics for Countries of South America - Closest Country

Click here to take the quiz!

General Stats

  • This quiz has been taken 110 times
  • The average score is 11 of 12

Answer Stats

COUNTRYCLOSEST COUNTRY% Correct
ArgentinaChile
100%
ChileArgentina
94%
GuyanaSuriname
93%
SurinameGuyana
92%
EcuadorColombia
90%
ColombiaEcuador
90%
BoliviaParaguay
90%
UruguayArgentina
89%
ParaguayBolivia
89%
PeruEcuador
89%
BrazilBolivia
83%
VenezuelaTrinidad and Tobago
61%

Score Distribution

Percentile by Number Answered

Percent of People with Each Score

Your Score History

You have not taken this quiz